| 000 | 03045nam0a2200385 4500 | ||
|---|---|---|---|
| 001 | RU\NLR\BIBL_A\012338394 | ||
| 005 | 20201005145657.0 | ||
| 010 | _a978-5-261-01428-7 | ||
| 021 |
_aRU _bКН-П-20-029301 _9КН-П-20-2256 |
||
| 035 | _a(NLR Aleph) 012338394 | ||
| 035 | _a(RuMoRGB)010337571 | ||
| 090 |
_a11507780 _c11507780 |
||
| 100 | _a20200916d2019 k y0rusy50 ca | ||
| 101 | 0 | _arus | |
| 102 | _aRU | ||
| 105 | _aa|||z|||100zy | ||
| 181 | 0 |
_ai _baxxe |
|
| 182 | 0 | _an | |
| 200 | 1 |
_aАктуальные проблемы метрологического обеспечения научно-практической деятельности _eматериалы III Всероссийской научно-практической конференции с международным участием (25-27 ноября 2019 г.) _fМинистерство образования и науки Российской Федерации, Федеральное государственное автономное образовательное учреждение высшего образования "Северный (Арктический) федеральный университет имени М. В. Ломоносова", Высшая школа энергетики, нефти и газа, Кафедра стандартизации, метрологии и сертификации _g[ответственный редактор: Т. М. Владимирова, кандидат технических наук, доцент] |
|
| 203 |
_aТекст _bвизуальный _cнепосредственный |
||
| 210 |
_aАрхангельск _cСАФУ _d2019 |
||
| 215 |
_a393, [1] с. _cил., табл. _d20 |
||
| 313 | _aПо пред. конф. 2018 г. | ||
| 320 | _aБиблиогр. в конце ст. | ||
| 606 | 1 |
_aМетрология _jСъезды, совещания и т.п _2nlr_sh1 _2nlr_sh2 _3RU\NLR\AUTH\66298 |
|
| 686 | 1 | _aЖ10я431(2) | |
| 702 | 1 |
_aВладимирова _bТ. М. _cканд. техн. наук _f1981- _gТатьяна Михайловна _3RU\NLR\AUTH\77102771 _4340 |
|
| 711 | 1 | 2 |
_a"Актуальные проблемы метрологического обеспечения научно-практической деятельности", всероссийская научно-техническая конференция с международным участием _d3 _f2019 _eАрхангельск _3RU\NLR\AUTH\880526254 |
| 712 | 0 | 2 |
_aСеверный (Арктический) федеральный университет им. М. В. Ломоносова _cАрхангельск _bВысшая школа энергетики, нефти и газа _bКафедра стандартизации, метрологии и сертификации _3RU\NLR\AUTH\880526257 _4570 |
| 942 | _cBOOK | ||
| 980 | _aNBR | ||
| 980 | _aNB | ||